MDQL
is popping MORE tags! Check the
thread
!
Quizzes
Events
Quiz Creation
Community
Videos
Private Events
Remove Ads
Sign In
Join for FREE
Feedback
Dark Mode
Quiz Categories
Sports
Geography
Music
Movies
Television
Just For Fun
Miscellaneous
History
Literature
Language
Science
Gaming
Entertainment
Religion
Holiday
For Kids
Quiz Lab
Recent
Popular Today
Quiz Kudos Today
Editor Picks
Curator Picks
Quizzes by...
Day
Popularity
Type
Ratings
Length
Year
Community
Subscriptions
Recent Discussions
Orange Saloon
Badges
Playlists
Quests
Create
Leaderboards
Showdown
Live 5
Trivia Bingo
Activity
Puzzle Library
Sporcle Events
Private Events
Virtual Trivia
Globe League
Become a Host
Pub Owners
SporcleCon
Opinionation
Our Games
Videos
Blog
Mobile Apps
Partnerships
Remove Ads and Go Orange
Feedback
History
US Presidents
World Leaders
Politics
Nation
Discovery
War
Decade
Year
Century
Biography
Art
History
US Presidents
World Leaders
Politics
Nation
Discovery
War
Decade
Year
Century
Biography
Art
Random Quiz
Search Sporcle
×
Quiz Lab
Quiz Lab
History
World Leaders
Type in answers that appear in a list
Type in answers that appear in a list
Classic
Best Score? Go Orange.
Presdients of Mongolia Stats
Can you name the Heads of state of Mongolia?
By
bigbrother2017
8m
22 Questions
14 Plays
14 Plays
14 Plays
Comments
Comments
Give Quiz Kudos
Give Quiz Kudos
-
- Ratings
hide this ad
Replay
Link that replays current quiz
Next Quiz
Link to next quiz in quiz playlist
You Got
0%
They Got
Avg Score
41%
Avg Friend Score
Upgrade to see
Score Distribution
Jump to the score distribution portion of the page
Score
0/22
Timer
08:00
0
Plays Today
Dates
Leader
% Correct
23 Jan 1929-
27 Apr 1930
Khorloogiin Choibalsan
78.6%
29 Dec 1911-
20 May 1924
Bogd Khan
71.4%
11 Jun 1974-
23 Aug 1984
Yumjaagiin Tsedenbal
71.4%
10 Jul 2017-
Present
Khaltmaagiin Battulga
71.4%
21 Mar 1990-
20 Jun 1997
Punsalmaagiin Ochirbat
57.1%
20 Jun 1997-
24 Jun 2005
Natsagiin Bagabandi
50%
24 Jun 2005-
18 Jun 2009
Nambaryn Enkhbayar
50%
18 Jun 2009-
10 Jul 2017
Tsakhiagiin Elbegdorj
50%
12 Dec 1984-
21 Mar 1990
Jambyn Batmönkh
42.9%
20 May 1924-
28 Nov 1924
Balingiin Tserendorj
35.7%
29 Nov 1924-
15 Nov 1927
Peljidiin Genden
35.7%
Dates
Leader
% Correct
2 Jul 1932-
22 Mar 1936
Anandyn Amar
35.7%
28 Nov 1924-
29 Nov 1924
Navaandorjiin Jadambaa
28.6%
16 Nov 1927-
23 Jan 1929
Jamtsangiin Damdinsüren
28.6%
27 Apr 1930-
2 Jul 1932
Losolyn Laagan
28.6%
22 Mar 1936-
9 Jul 1939
Dansranbilegiin Dogsom
28.6%
6 Jul 1940-
23 Sep 1953
Gonchigiin Bumtsend
28.6%
23 Sep 1953-
7 Jul 1954
Sükhbaataryn Yanjmaa
28.6%
7 Jul 1954-
21 May 1972
Jamsrangiin Sambuu
28.6%
29 Jun 1972-
11 Jun 1974
Sonomyn Luvsan
28.6%
21 May 1972-
29 Jun 1972
Tsagaanlamyn Dügersüren
21.4%
23 Aug 1984-
12 Dec 1984
Nyamyn Jagvaral
21.4%
Quiz Playlist
Details
Report
Send in Message
Add To Playlist
Classic:
Type in answers that appear in a list
Last Updated: Sep 14, 2019
Quiz Scoreboard
CHALLENGE
Sign Up to Join the Scoreboard
Show All
Scores
Hide
Comments
May contain spoilers
Recently Published
Colored Red Africa Blitz
by spor1
Geography
30s
Find the 'City' Movie
by crazypaving
Movies
60s
5x2 Blitz: Bands
by SL_Kpop136
Music
30s
More to Explore
Quiz From the Vault
Featured Blog Post
14 Easter Pick-up Lines to Find Eggs With
hide this ad
You Might Also Like...
Tags
World Leaders Quiz
Central Asia
East Asia
East Asian
Mongolia
Mongolian
President
Today's Top Quizzes in History
Browse History
hide this ad
Today's Top Quizzes in World Leaders
Browse World Leaders
Top Contributed Quizzes in History
1
Popular People in 1991
2
US National Parks Named After People
3
Popular People in 1951
4
Order Up: 1000 Years of World Events I
5
Popular People in 1941
6
Popular People in 1981
7
Popular People in 1986
8
Popular People in 1921
9
Popular People in 1976
10
Magic 10 Blitz: U.S. Presidents
Explore More
Trending Topics
NBA
Harry Potter
Kpop
Crossword
Marvel
Anime
Disney
Country
Pokémon
Song
WWE
The Office
Puzzle
Soccer
NFL
hide this ad
More By:
bigbrother2017
Quiz
Plays
Rating
Category
Featured
Created
British Overseas Territorial Flags
5,762
4.90
Geography
Jun 10, 2020
Before They Were Prime Minister
5,130
4.71
History
Sep 26, 2022
The UK Declares War!
3,529
5.00
History
May 23, 2020
EU4 European flags
2,089
5.00
Gaming
Jul 22, 2019
British Prime Ministers by Caricature
1,819
4.93
History
Jul 17, 2019
Go to Creator's Profile
Score Distribution
Quiz Creator Spotlight
bigbrother2017
Follow
Send a Message
Quizzes Created
-
Created Quiz Play Count
-
More By This Creator
Popular Quizzes Today
1
Colored Red Africa Blitz
2
Find the 'City' Movie
3
5x2 Blitz: Bands
4
Find the US States - No Outlines Minefield
5
The Countries of the World
6
Find the US States
7
US States
8
Find the Countries of Europe - No Outlines Minefield
More History Quizzes
Hybrid Historical Flags!
Published
Trending Quizzes
Colored Red Europe Blitz I
Colored Red Europe Blitz II
Colored Red Africa Blitz II
Colored Red Europe Blitz III
Colored Red Africa Blitz III
Recently Updated
How Do You Spell That?
pecheneg
Godzilla Movies
pecheneg
Grab Bag: 4-10 Letters
pecheneg
2024 March Madness Bracket
pecheneg
Famous TV Couples
Peacemaker
Champions League XIs: Real Madrid
pecheneg
Largest US Cities 1790-2010
pecheneg
Rides in Walt Disney World
pecheneg
Most Oscar Losses (Acting)
pecheneg
Beyoncé Albums
pecheneg
Trending Topics
Harry Potter
NBA
Anime
Kpop
Marvel
Crossword
Disney
Pokémon
Soccer
The Office
Song
NFL
Country
Puzzle
WWE
Your Account Isn't Verified!
In order to create a playlist on Sporcle, you need to verify the email address you used during registration. Go to your
Sporcle Settings
to finish the process.
Report this User
Report this user for behavior that violates our
Community Guidelines
.
Details:
Send Report
Go to the Sporcle.com Mobile Site →
Comments